000 01036cam a22003014a 4500
001 12814870
003 OSt
005 20211102115418.0
008 020612s2002 paua b 001 0 eng
010 _a 2002075825
020 _a0768009146
038 _akhadija
040 _aDLC
_cDLC
_dDLC
042 _apcc
050 0 0 _aTJ797
_b.H758 2002
082 0 0 _a621.436
_221
_bHUS
100 1 _aHsu, Bertrand D.
_967948
245 1 0 _aPractical diesel-engine combustion analysis /
_cBertrand D. Hsu.
260 _aWarrendale, Pa. :
_bSociety of Automotive Engineers,
_cc2002.
300 _axi, 147 p. :
_bill. ;
_c24 cm.
504 _aIncludes bibliographical references and index.
563 _aHardcover
650 0 _aDiesel motor
_xCombustion.
_983649
650 0 _aDiesel motor
_xFuel systems.
_955956
906 _a7
_bcbc
_corignew
_d1
_eocip
_f20
_gy-gencatlg
942 _2ddc
_cBK
999 _c32980
_d32980